000
00299nam a2200121Ia 4500
008
190216s9999||||xx |||||||||||||| ||und||
100
_a
Chakrabarthy. D.K
245
0
_a
Solid State Chemistry
260
_b
New Age International Publishers
_c
2002
300
_a
259p
650
_a
Chemistry
942
_c
BK
999
_c
3067
_d
3067